|
|
|
|
| LEADER |
00000naa2a2200000 4500 |
| 001 |
431496 |
| 005 |
20231101075405.0 |
| 035 |
|
|
|a (RuTPU)RU\TPU\prd\91626
|
| 035 |
|
|
|a RU\TPU\prd\18539
|
| 090 |
|
|
|a 431496
|
| 100 |
|
|
|a 20101201a2003 k y0rusy50 ca
|
| 101 |
0 |
|
|a rus
|
| 102 |
|
|
|a RU
|
| 200 |
1 |
|
|a Влияние сверхструктурного упорядочения на свойства оксидных ВТСП-систем
|f Н. В. Аншукова, А. И. Головашкин, Л. И. Иванова, А. П. Русаков
|
| 225 |
1 |
|
|a Твердые тела
|e Структура
|
| 320 |
|
|
|a Библиогр.: 37 назв.
|
| 461 |
|
1 |
|0 (RuTPU)RU\TPU\prd\1443
|x 0044-4510
|t Журнал экспериментальной и теоретической физики
|l ЖЭТФ
|f Российская академия наук (РАН) ; Отделение физических наук РАН
|d 1931-
|
| 463 |
|
1 |
|0 (RuTPU)RU\TPU\prd\91621
|t Т. 123, вып. 6
|v с. 1188-1199
|d 2003
|
| 610 |
1 |
|
|a кислотная подрешетка
|
| 610 |
1 |
|
|a сверхструктурное упорядочение
|
| 610 |
1 |
|
|a монокристаллические образцы
|
| 610 |
1 |
|
|a поверхность Ферми
|
| 610 |
1 |
|
|a легирование
|
| 610 |
1 |
|
|a ВТСП-системы
|
| 701 |
|
1 |
|a Аншукова
|b Н. В.
|
| 701 |
|
1 |
|a Головашкин
|b А. И.
|
| 701 |
|
1 |
|a Иванова
|b Л. И.
|
| 701 |
|
1 |
|a Русаков
|b А. П.
|
| 801 |
|
1 |
|a RU
|b 63413507
|c 20031016
|g PSBO
|
| 801 |
|
2 |
|a RU
|b 63413507
|c 20101201
|g RCR
|
| 942 |
|
|
|c BK
|